Udržateľný rozvoj v globalizujúcom sa svete
Udržateľný rozvoj, dosiahnuté výsledky a problémy jeho zabezpečenia. Hnacie momenty súčasnej globalizácie a bivalentnosť jej dôsledkov. Alterglobalizácia ako cesta zabezpečenia udržateľného rozvoja.
Na minha lista:
| Autor principal: | |
|---|---|
| Formato: | Capítulo de Livro |
| Idioma: | eslovaco |
| Assuntos: | |
| Tags: |
Sem tags, seja o primeiro a adicionar uma tag!
|
MARC
| LEADER | 00000naa a2200000 4500 | ||
|---|---|---|---|
| 001 | r049657 | ||
| 005 | 20230928074710.8 | ||
| 041 | 0 | |a slo | |
| 044 | |a SK | ||
| 245 | 1 | 0 | |a Udržateľný rozvoj v globalizujúcom sa svete |c Eduard Šarmír |
| 520 | |a Udržateľný rozvoj, dosiahnuté výsledky a problémy jeho zabezpečenia. Hnacie momenty súčasnej globalizácie a bivalentnosť jej dôsledkov. Alterglobalizácia ako cesta zabezpečenia udržateľného rozvoja. | ||
| 610 | 2 | 0 | |a rozvoj trvalo udržateľný |
| 610 | 2 | 0 | |a ochrana prostredia životného |
| 610 | 2 | 0 | |a prostredie životné |
| 610 | 2 | 0 | |a globalizácia |
| 610 | 2 | 0 | |a spolupráca medzinárodná |
| 100 | 1 | |a Šarmír, Eduard | |